BIBLIOTECA

SENCICO

Introducción a la teoría de los diseños / (Registro nro. 154)

Detalles MARC
000 -LEADER
fixed length control field 00930nam a2200253Ia 4500
003 - CONTROL NUMBER IDENTIFIER
control field PE SENCICO BE
005 - DATE AND TIME OF LATEST TRANSACTION
control field 20251020182428.0
008 - FIXED-LENGTH DATA ELEMENTS--GENERAL INFORMATION
fixed length control field 200515s9999 xx 000 0 und d
040 ## - CATALOGING SOURCE
Transcribing agency PE SENCICO BE
Language of cataloging PE SENCICO BE
041 ## - LANGUAGE CODE
Language code of text/sound track or separate title spa
082 ## - DEWEY DECIMAL CLASSIFICATION NUMBER
Classification number 745.4
Item number A21 1990
100 1# - MAIN ENTRY--PERSONAL NAME
Personal name Acha, Juan
9 (RLIN) 2586
Relator term autor
245 10 - TITLE STATEMENT
Title Introducción a la teoría de los diseños /
Statement of responsibility, etc. Juan Acha
250 ## - EDITION STATEMENT
Edition statement 2a ed.
260 ## - PUBLICATION, DISTRIBUTION, ETC.
Place of publication, distribution, etc. México, D. F. :
Name of publisher, distributor, etc. Trillas ;
Date of publication, distribution, etc. 1990
300 ## - PHYSICAL DESCRIPTION
Extent 169 p. :
Other physical details il. ;
Dimensions 25 cm.
505 0# - FORMATTED CONTENTS NOTE
Formatted contents note Lo estético y lo artístico diferenciado -- La cultura estética -- Occidente oculta las diferencias históricas -- Las artesanías -- Las artes -- Los diseños -- El proceso tecnológico industrial -- El proceso artístico -- El fenómeno de las masas
650 10 - SUBJECT ADDED ENTRY--TOPICAL TERM
Topical term or geographic name entry element Diseño
9 (RLIN) 965
650 20 - SUBJECT ADDED ENTRY--TOPICAL TERM
Topical term or geographic name entry element Artes visuales
9 (RLIN) 17
650 20 - SUBJECT ADDED ENTRY--TOPICAL TERM
Topical term or geographic name entry element Arte
9 (RLIN) 83
650 20 - SUBJECT ADDED ENTRY--TOPICAL TERM
Topical term or geographic name entry element Historia del arte
9 (RLIN) 686
942 ## - ADDED ENTRY ELEMENTS (KOHA)
Koha item type Libros
Source of classification or shelving scheme Dewey Decimal Classification
Existencias
Fecha de la última vez que lo usaron Número de ingreso o de inventario Pago total Signatura topográfica completa Código de barras Precio efectivo desde Tipo de documento Estado perdido Sistema de clasificación Estado dañado No es para préstamo Retirado Ubicación permanente Ubicación actual Fecha de adquisición
15/05/2020 10212   745.4/A21/1990 BibLima24100006 15/05/2020 Libros   Dewey Decimal Classification       Biblioteca Central Lima Biblioteca Central Lima 15/05/2020